Conversion rapide du binaire au décimal - Statistiques

Statistiques générales
  • Ce quiz a été pris 311 fois
  • Le résultat moyen est 11 sur 20
Statistiques - réponses
Binaire Décimal % Correct
1001 9
92%
111 7
90%
101 5
88%
1111 15
83%
11 3
82%
1 1
81%
110 6
79%
1110 14
78%
100 4
78%
1000 8
78%
10 2
77%
1101 13
75%
1011 11
74%
1010 10
69%
11011 27
68%
10011 19
67%
10001 17
65%
101010 42
65%
11111 31
63%
10100 20
61%
1000000 64
61%
10000 16
60%
1100 12
59%
10110 22
59%
11000 24
57%
11010 26
57%
11110 30
56%
100101 37
56%
101000 40
56%
10101 21
55%
10111 23
55%
11101 29
55%
110111 55
55%
11100 28
53%
100000 32
53%
100100 36
53%
11001 25
52%
111110 62
50%
100011 35
49%
10010 18
48%
111111 63
48%
100010 34
47%
110000 48
46%
100110 38
45%
110110 54
45%
101011 43
44%
101111 47
44%
111001 57
44%
101001 41
43%
101110 46
43%
100001 33
42%
101100 44
42%
111000 56
42%
111100 60
41%
110011 51
40%
110101 53
40%
111101 61
40%
110001 49
39%
110010 50
39%
110100 52
38%
111010 58
37%
101101 45
34%
100111 39
33%
111011 59
26%
Aucun quiz correspondant
Distribution des résultats
% des personnes avec chaque résultat
Percentile par nombre de réponses
Votre historique - résultats
Vous n’avez pas pris ce quiz